Normal view
MARC view
- أحمد وصفي زكريا؛ تحرير واعداد سبانو، تحرير وإعداد أحمد غسان
Entry Personal Name
001 - CONTROL NUMBER
- control field: 19096
003 - CONTROL NUMBER IDENTIFIER
- control field: JO-AjAnu
005 - DATE AND TIME OF LATEST TRANSACTION
- control field: 20230606073337.0
008 - FIXED-LENGTH DATA ELEMENTS
- fixed length control field: 230606|| aca||aabn | a|a d
040 ## - CATALOGING SOURCE
- Original cataloging agency: JO-AjAnu
- Transcribing agency: JO-AjAnu
100 ## - HEADING--PERSONAL NAME
- Personal name: أحمد وصفي زكريا؛ تحرير واعداد سبانو، تحرير وإعداد أحمد غسان
670 ## - SOURCE DATA FOUND
- Source citation: Work cat.: (JO-AjAnu)9799: أحمد وصفي زكريا؛ تحرير واعداد سبانو، تحرير وإعداد أحمد غسان, author, دمشق في كتابات أحمد وصفي زكريا